000 00516nam a2200193Ia 4500
008 101110s9999 xx 000 0 und d
041 _aENGLISH
082 _bJR763
100 _aJivanandan C.
245 _aObjetive type question banking law and practice
365 _b3
520 _aCommerce
546 _aENGLISH
630 _aObjetive type question banking law and practice
650 _aCommerce
655 _aCommerce
730 _aObjetive type question banking law and practice
942 _cBOOK
999 _c793498
_d793495